Front-page detective : William J. Burns and the detective profession, 1880-1930 /

Bibliographic Details
Main Author: Hunt, William R.
Format: Book
Language:English
Published: Bowling Green, Ohio : Bowling Green State University Popular Press, [1990]
Subjects:

MARC

Tag First Indicator Second Indicator Subfields
LEADER 00000cam a2200000 a 4500
001 in00001128421
005 20150930081833.0
008 900410s1990 ohua b s001 0beng
010 |a  90061300  
020 |a 0879724951 (cb) 
020 |a 087972496X (pb) 
035 |a (OCoLC)22621539 
035 |9 AFX1554AM 
040 |a DLC  |c DLC  |d UtOrBLW 
043 |a n-us--- 
049 |a TXAM 
050 0 0 |a HV8083.B8  |b H86 1990 
082 0 0 |a 363.2/89/092  |a B  |2 20 
100 1 |a Hunt, William R. 
245 1 0 |a Front-page detective :  |b William J. Burns and the detective profession, 1880-1930 /  |c William R. Hunt. 
264 1 |a Bowling Green, Ohio :  |b Bowling Green State University Popular Press,  |c [1990] 
264 4 |c ©1990 
300 |a 222 pages :  |b illustrations ;  |c 24 cm. 
336 |a text  |b txt  |2 rdacontent 
337 |a unmediated  |b n  |2 rdamedia 
338 |a volume  |b nc  |2 rdacarrier 
504 |a Includes bibliographical references (pages 204-217) and index. 
600 1 0 |a Burns, William J.,  |d 1861-1932. 
650 0 |a Private investigators  |z United States  |x Biography. 
740 0 |a William J. Burns and the detective profession, 1880-1930. 
999 |a MARS 
999 f f |s 426819ef-72d3-3e3e-a8c4-dc4d99830b67  |i bd173668-bd49-3355-a353-cd1d81b157ad  |t 0 
952 f f |p ric  |a Texas A&M University  |b Rellis Campus  |c Joint Library Facility  |d Remote Storage  |t 0  |e HV8083.B8 H86 1990  |h Library of Congress classification  |i unmediated -- volume  |m A14817576158 
998 f f |a HV8083.B8 H86 1990  |t 0  |l Remote Storage